000 00432nam a22001817a 4500
003 MPLRDC
005 20220104143714.0
008 210129b ||||| |||| 00| 0 eng d
020 _a962-447-287-4
082 _a857.621 NK-10 v.15
100 _a倪匡著
245 _a改变
_c
260 _a
_b勤加缘出版社
_c1993
300 _b
490 _a卫斯理科幻系列;15
650 _a
942 _cBK
_o857.621 NK-10 v.15
999 _c42522
_d42512